000 00612cam a2200229 4500500
005 20260329005351.0
041 _afre
042 _adc
100 1 0 _aMarguier, Aude
_eauthor
245 0 0 _a“Envie”
260 _c2023.
500 _a24
690 _aenvie
690 _aGirard
690 _aJalousie
690 _aMimétisme
690 _aNietzsche
690 _aSénèque
690 _aSpinoza
786 0 _nPhilosophie magazine | 169 | 5 | 2023-05-01 | p. 50-50 | 1951-1787
856 4 1 _uhttps://shs.cairn.info/magazine-philosophie-magazine-2023-5-page-50?lang=fr&redirect-ssocas=7080
999 _c1842726
_d1842726